000 00341 a2200109 4500
001 ART_12060
005 20260410161903.0
008 260409a
245 1 0 _aThe allocation of household income to food consumption
100 1 _aHymans, Saul H.
773 0 _tJournal of econometrics
_g- Vol. 4, NÂș 2 (may. 1976)
_wREV11720
999 _c26060
_d26060